00442nam a2200109Ia 4500008004100000245015900041260003500200260000900235300000900244650001300253856006600266170516s9999 xx 000 0 und d aFormulation and Evaluation of Immediate Release Tablet of Carvedilol using Liquisolid Compacts Technique for Solubility Enhancement Dr. Vilas G. Jamakandi bAsian Journal of Pharmaceutics c2016 a10:3 xPharmacy uhttp://www.asiapharmaceutics.info/index.php/ajp/issue/view/67